000 00569nam a2200181Ia 4500
008 090123s9999 xx 000 0 und d
082 _b9198
100 _aदेसाई सुदर्शन
245 _aअग्नी पर्वत
250 _a1
260 _bराजलक्ष्मी प्रकाशन
_c1984
300 _a157
600 _aदेसाई सुदर्शन
630 _aअग्नी पर्वत
700 _aदेसाई सुदर्शन
730 _aअग्नी पर्वत
942 _cBOOK
999 _c47263
_d47263